[Event "1.Open A Città di Padova"]
[Site "Padova"]
[Date "1998.12.20"]
[Round "5.10"]
[White "Lain, Luigi"]
[Black "Roberti, Ignazio"]
[Result "1/2-1/2"]
[WhiteElo "1609"]
[BlackElo "1700"]
[Annotator "Gabriele Ballarin"]
[PlyCount "148"]
[EventDate "1998.12.13"]
[EventType "swiss"]
[EventRounds "6"]
[EventCountry "ITA"]

1. d4 Nf6 2. c4 e6 3. Nc3 Bb4 4. Qc2 b6 5. Nf3 Bb7 6. Bg5 O-O 7. e3 d5 8. cxd5 exd5 9. Bd3 h6 10. Bh4 Nbd7 11. O-O Be7 12. Rac1 c6 13. h3 Nh5 14. Bxe7 Qxe7 15. Qe2 Nhf6 16. Ba6 Nb8 17. Bxb7 Qxb7 18. Na4 Nbd7 19. Rc2 Rac8 20. Rfc1 Ne4 21. Nh4 Nd6 22. Qg4 Nf6 23. Qf4 Qd7 24. b3 Nfe4 25. Nf3 f6 26. Qg4 Qb7 27. Nh4 Rfe8 28. f3 Ng5 29. Kf2 Qf7 30. Rxc6 Rxc6 31. Rxc6 h5 32. Qf4 Nge4+ 33. fxe4 Nxe4+ 34. Ke2 g5 35. Qc7 gxh4 36. Qxf7+ Kxf7 37. Nc3 Nxc3+ 38. Rxc3 Re7 39. Kf3 Kg6 40. Rc8 Kf5 41. Rd8 Ke6 42. Rh8 Rc7 43. Rxh5 Rc2 44. Rxh4 Rxa2 45. Rh7 a6 46. Rb7 b5 47. h4 Ra1 48. g4 Rh1 49. h5 f5 50. Rb6+ Ke7 51. Rxa6 Rh3+ 52. Kg2 fxg4 53. h6 Kf7 54. h7 Kg7 55. Ra7+ Kh8 56. Re7 Rf3 57. b4 Rh3 58. Kf2 Rf3+ 59. Ke2 Rh3 60. Rd7 Rh2+ 61. Kd3 g3 62. Rxd5 Rb2 63. Rg5 g2 64. Ke4 Kxh7 65. Kf3 Rxb4 66. Rxg2 Rb1 67. Ke4 b4 68. Kd3 b3 69. Kc3 Re1 70. Rg3 Rb1 71. e4 b2 72. d5 Re1 73. Kxb2 Rxe4 74. Kc3 Ra4 1/2-1/2

[Event "1.Open A Città di Padova"]
[Site "Padova"]
[Date "1998.12.20"]
[Round "5.11"]
[White "Pomaro, Stefano"]
[Black "Tomio, Dante"]
[Result "1-0"]
[WhiteElo "1673"]
[BlackElo "1587"]
[Annotator "Gabriele Ballarin"]
[PlyCount "69"]
[EventDate "1998.12.13"]
[EventType "swiss"]
[EventRounds "6"]
[EventCountry "ITA"]

1. e4 c5 2. b4 e6 3. bxc5 Bxc5 4. d4 Be7 5. Bd3 Nc6 6. c3 d6 7. f4 Nf6 8. Nf3 Qc7 9. e5 dxe5 10. fxe5 Nd5 11. O-O Bd7 12. c4 Nb6 13. Ba3 h6 14. Bxe7 Nxe7 15. Nbd2 O-O 16. Qe2 Bc6 17. Ne4 Nf5 18. g4 Ne7 19. g5 hxg5 20. Nfxg5 Nf5 21. Rxf5 exf5 22. Qh5 Rfd8 23. Nd6 Rxd6 24. exd6 Qxd6 25. Qxf7+ Kh8 26. Ne6 Qd7 27. Qxf5 g6 28. Qf6+ Kg8 29. Qxg6+ Kh8 30. Qf6+ Kg8 31. Rf1 Re8 32. Qg6+ Kh8 33. Qf6+ Kg8 34. Rf5 Rxe6 35. Rg5+ 1-0

[Event "1.Open A Città di Padova"]
[Site "Padova"]
[Date "1998.12.20"]
[Round "5.12"]
[White "Trangoni, Bruno"]
[Black "Busà, Michele"]
[Result "1/2-1/2"]
[WhiteElo "1650"]
[BlackElo "1567"]
[Annotator "Gabriele Ballarin"]
[PlyCount "75"]
[EventDate "1998.12.13"]
[EventType "swiss"]
[EventRounds "6"]
[EventCountry "ITA"]

1. e4 g6 2. d4 Bg7 3. Nc3 d6 4. f4 e6 5. Nf3 Ne7 6. Bc4 a6 7. a3 b5 8. Bd3 Nd7 9. O-O O-O 10. Qe1 c5 11. Be3 Nc6 12. d5 exd5 13. Nxd5 c4 14. Be2 Bxb2 15. Rb1 Bxa3 16. Qc3 Bc5 17. Bxc5 dxc5 18. Rfd1 Nb4 19. Nxb4 cxb4 20. Qxb4 Qc7 21. Qd2 Nc5 22. e5 Ne4 23. Qe3 Qc5 24. Rd4 Bf5 25. Rxe4 Qxe3+ 26. Rxe3 Bxc2 27. Rb2 Bf5 28. Ra3 Rfc8 29. Rc3 Rab8 30. Nd4 Be4 31. Ra2 Rb6 32. Nc2 b4 33. Rxc4 Rxc4 34. Bxc4 b3 35. Bxb3 Rxb3 36. Nd4 Rb1+ 37. Kf2 Bd3 38. Ke3 1/2-1/2

[Event "1.Open A Città di Padova"]
[Site "Padova"]
[Date "1998.12.20"]
[Round "5.13"]
[White "Tresin, Ardilio"]
[Black "Sinato, Fabrizio"]
[Result "0-1"]
[WhiteElo "1449"]
[BlackElo "1710"]
[Annotator "Gabriele Ballarin"]
[PlyCount "42"]
[EventDate "1998.12.13"]
[EventType "swiss"]
[EventRounds "6"]
[EventCountry "ITA"]

1. Nf3 Nf6 2. d4 g6 3. e3 Bg7 4. Bd3 O-O 5. b3 d6 6. Bb2 Nbd7 7. O-O c6 8. Nbd2 Re8 9. Rc1 e5 10. dxe5 dxe5 11. e4 Qc7 12. c4 Nc5 13. Bb1 a5 14. Ba3 Ne6 15. Bb2 Nd7 16. Re1 Ndc5 17. Ba3 Bh6 18. Qe2 Nf4 19. Qf1 b6 20. Bxc5 bxc5 21. g3 Bh3 0-1

[Event "1.Open A Città di Padova"]
[Site "Padova"]
[Date "1998.12.20"]
[Round "5.14"]
[White "Favero, Graziano"]
[Black "Carletto, Biagio"]
[Result "1-0"]
[WhiteElo "1705"]
[BlackElo "1555"]
[Annotator "Gabriele Ballarin"]
[PlyCount "131"]
[EventDate "1998.12.13"]
[EventType "swiss"]
[EventRounds "6"]
[EventCountry "ITA"]

1. e4 d6 2. d4 Nf6 3. Nc3 g6 4. Be2 Bg7 5. Nf3 O-O 6. O-O b6 7. Bg5 h6 8. Bf4 g5 9. Be3 Na6 10. Qd2 c5 11. Bd3 Ng4 12. h4 Nxe3 13. fxe3 g4 14. Nh2 cxd4 15. exd4 Bxd4+ 16. Kh1 Bg7 17. Nxg4 Bxg4 18. Bxa6 e5 19. g3 Kh8 20. Bd3 a6 21. Nd5 f5 22. exf5 Rf6 {per ritiro} 23. Nxf6 Qxf6 24. Be4 Rd8 25. Qd5 Re8 26. Qc6 Bh5 27. Qxb6 Bf8 28. c4 Qg7 29. Qf2 Qg4 30. Bf3 Qxf5 31. Bxh5 Qxh5 32. Qf7 Qxf7 33. Rxf7 e4 34. Re1 Bg7 35. Re2 h5 36. Rf5 e3 37. Rxh5+ Kg8 38. b3 Bc3 39. Rd5 Re6 40. Rd3 Bd2 41. Kg2 Kg7 42. Rd4 Kf6 43. Kf3 Kg6 44. Kg4 Kh6 45. Kf5 Re5+ 46. Kf4 Re6 47. g4 Rf6+ 48. Kg3 Kh7 49. Rf4 Re6 50. g5 Re5 51. Kg4 Bb4 52. Rf5 Re7 53. h5 Bc5 54. Rxc5 dxc5 55. Kf4 Rf7+ 56. Kxe3 Kg7 57. Rd2 Re7+ 58. Kf4 a5 59. Kf5 a4 60. h6+ Kh8 61. Kf6 Re8 62. Kf7 Ra8 63. Re2 Rg8 64. Re8 Kh7 65. Rxg8 a3 66. g6+ 1-0

[Event "1.Open A Città di Padova"]
[Site "Padova"]
[Date "1998.12.20"]
[Round "5.15"]
[White "Marigo, Narciso"]
[Black "Pastore, Mauro"]
[Result "1-0"]
[WhiteElo "1687"]
[BlackElo "1648"]
[Annotator "Gabriele Ballarin"]
[PlyCount "75"]
[EventDate "1998.12.13"]
[EventType "swiss"]
[EventRounds "6"]
[EventCountry "ITA"]

{[%evp 0,74,24,24,23,23,45,45,24,26,30,30,33,34,26,21,23,16,12,-14,22,5,44,17,21,7,17,16,25,31,79,69,77,73,100,95,77,83,79,94,105,79,98,83,85,87,127,155,126,158,158,166,152,164,169,106,100,118,285,165,165,186,139,153,158,91,103,110,29985,29990,29991,29992,29993,29994,29995,29996,29999]} 1. d4 Nf6 2. Nf3 g6 3. h3 Bg7 4. Bf4 O-O 5. e3 b6 6. Bc4 Bb7 7. O-O d6 8. Nbd2 Nbd7 9. c3 c5 10. a4 Re8 11. Qb3 d5 {Marini si e ritirato} 12. Be2 c4 13. Qc2 Nh5 14. Bh2 e5 15. Nxe5 Nxe5 16. Bxh5 gxh5 17. Bxe5 Bxe5 18. dxe5 Rxe5 19. Nf3 Re4 20. Rfd1 Qf6 21. Rd4 Rxd4 22. Nxd4 Bc8 23. Qe2 Qg6 24. Qf3 Be6 25. a5 bxa5 26. Kh2 Rb8 27. Nc6 Rb7 28. Rxa5 Bxh3 29. Rxd5 Bg4 30. Rd8+ Kg7 31. Qd5 Qf6 32. Nb4 Rb6 33. Qa8 Qxf2 34. Rg8+ Kf6 35. Qd8+ Ke6 36. Re8+ Kf5 37. e4+ Kf4 38. Nd5# 1-0

[Event "1.Open A Città di Padova"]
[Site "Padova"]
[Date "1998.12.20"]
[Round "5.17"]
[White "Carlassara, Renato"]
[Black "Sanavio, Giancarlo"]
[Result "1-0"]
[WhiteElo "1555"]
[BlackElo "1627"]
[Annotator "Gabriele Ballarin"]
[PlyCount "79"]
[EventDate "1998.12.13"]
[EventType "swiss"]
[EventRounds "6"]
[EventCountry "ITA"]

1. e4 Nf6 2. e5 Nd5 3. c4 Nb6 4. d4 d6 5. f4 dxe5 6. fxe5 c5 7. d5 e6 8. Nc3 exd5 9. cxd5 a6 10. Nf3 Bg4 11. Be2 N8d7 12. Bf4 g6 13. O-O Bg7 14. Ng5 Bf5 15. e6 Bd4+ 16. Kh1 fxe6 17. dxe6 Ne5 18. Bxe5 Qxg5 19. Bxh8 Bxh8 20. g4 Bxe6 21. Qd6 Bd5+ 22. Nxd5 Qxd5+ 23. Qxd5 Nxd5 24. Bf3 O-O-O 25. Rad1 Bd4 26. Bxd5 Rxd5 27. Rf8+ Rd8 28. Rxd8+ Kxd8 29. Kg2 Ke7 30. b3 Kf6 31. Re1 b5 32. Re8 c4 33. bxc4 bxc4 34. Re4 Be5 35. Rxc4 a5 36. Rc5 a4 37. Ra5 Bb2 38. Rxa4 Kg5 39. h3 h6 40. Ra8 1-0

[Event "1.Open A Città di Padova"]
[Site "Padova"]
[Date "1998.12.20"]
[Round "5.18"]
[White "Solinas, Roberto"]
[Black "Salata, Alessio"]
[Result "1-0"]
[WhiteElo "1666"]
[BlackElo "1552"]
[Annotator "Gabriele Ballarin"]
[PlyCount "31"]
[EventDate "1998.12.13"]
[EventType "swiss"]
[EventRounds "6"]
[EventCountry "ITA"]

1. d4 Nf6 2. Nf3 e6 3. Nbd2 d5 4. e3 c5 5. c3 Nc6 6. Bd3 c4 7. Bc2 b5 8. O-O b4 9. e4 g6 10. exd5 Qxd5 11. Qe2 Ba6 12. Ne4 Nxe4 13. Bxe4 Qd6 14. Bf4 Qe7 15. Ne5 Nxe5 16. Bxe5 1-0

[Event "1.Open A Città di Padova"]
[Site "Padova"]
[Date "1998.12.20"]
[Round "5.19"]
[White "Troise, Salvatore"]
[Black "Ceccherini, Paolo"]
[Result "1-0"]
[WhiteElo "1504"]
[BlackElo "1606"]
[Annotator "Gabriele Ballarin"]
[PlyCount "43"]
[EventDate "1998.12.13"]
[EventType "swiss"]
[EventRounds "6"]
[EventCountry "ITA"]

1. e4 e5 2. Nf3 Nc6 3. Bb5 a6 4. Ba4 Nf6 5. O-O b5 6. Bb3 Bc5 7. Nxe5 Nxe5 8. d4 Bb6 9. dxe5 Nxe4 10. Qf3 d5 11. exd6 Nxd6 12. Qxa8 O-O 13. Qf3 c5 14. c3 c4 15. Bc2 Bb7 16. Qg3 Re8 17. Be3 Bxe3 18. fxe3 Ne4 19. Bxe4 Bxe4 20. Na3 Qd7 21. Qf2 Qd6 22. Qxf7+ 1-0

[Event "1.Open A Città di Padova"]
[Site "Padova"]
[Date "1998.12.20"]
[Round "5.20"]
[White "Borgato, Alessandro"]
[Black "Saponara, Nicola"]
[Result "0-1"]
[WhiteElo "1500"]
[BlackElo "1576"]
[Annotator "Gabriele Ballarin"]
[PlyCount "70"]
[EventDate "1998.12.13"]
[EventType "swiss"]
[EventRounds "6"]
[EventCountry "ITA"]

1. e4 c5 2. f4 e5 3. Nf3 exf4 4. Bc4 Nc6 5. O-O d6 6. d3 g5 7. Bxf7+ Kxf7 8. Nxg5+ Qxg5 9. Bxf4 Qg4 10. Qxg4 Bxg4 11. Be5+ Kg6 12. Bxh8 Bg7 13. Bxg7 Kxg7 14. Rf4 h5 15. Nc3 Nd4 16. Raf1 b5 17. Rf7+ Kg6 18. Rb7 Nxc2 19. Nxb5 Be2 20. Rff7 Bxd3 21. Nxd6 Nd4 22. Rg7+ Kf6 23. Rbf7+ Ke5 24. Nf5 Bxe4 25. Nxd4 cxd4 26. Rg5+ Ke6 27. Rgg7 Nf6 28. Rxa7 Rd8 29. Ra6+ Kf5 30. Ra5+ Bd5 31. Rg3 Ke4 32. Rf3 Ng4 33. Ra4 Rc8 34. Rxd4+ Kxd4 35. a3 Bxf3 0-1

[Event "1.Open A Città di Padova"]
[Site "Padova"]
[Date "1998.12.20"]
[Round "5.21"]
[White "Fragni, Enrico"]
[Black "Fontana, Alessandro"]
[Result "1-0"]
[WhiteElo "1822"]
[BlackElo "1500"]
[Annotator "Gabriele Ballarin"]
[PlyCount "83"]
[EventDate "1998.12.13"]
[EventType "swiss"]
[EventRounds "6"]
[EventCountry "ITA"]

1. c4 e5 2. Nc3 Nf6 3. Nf3 Nc6 4. e3 Bc5 5. d3 d6 6. Be2 O-O 7. O-O h6 8. d4 Bb6 9. Na4 Ne4 10. Nxb6 axb6 11. Nd2 Ng5 12. d5 Ne7 13. f4 exf4 14. exf4 Nh7 15. g4 Ng6 16. Ne4 Re8 17. Bd3 Qh4 18. Nf2 Qf6 19. Qf3 Qh4 20. Bd2 Bd7 21. h3 Qf6 22. Kh2 Qxb2 23. Be3 Rxa2 24. Rxa2 Qxa2 25. Kg3 Qb2 26. Ne4 Qa3 27. Bd4 Qa7 28. h4 c5 29. Bb2 Qa4 30. h5 Ngf8 31. Nxd6 Rb8 32. Bxh7+ Nxh7 33. Qc3 f6 34. Re1 Qa5 35. Qe3 b5 36. Qe7 Qb4 37. Re2 Nf8 38. Qf7+ Kh7 39. Re7 Ne6 40. dxe6 Rg8 41. Qg6+ Kh8 42. Nf7# 1-0

[Event "1.Open A Città di Padova"]
[Site "Padova"]
[Date "1998.12.20"]
[Round "5.24"]
[White "Pilotto, Alessandro"]
[Black "Crestani, Federico"]
[Result "1-0"]
[WhiteElo "1467"]
[BlackElo "1564"]
[Annotator "Gabriele Ballarin"]
[PlyCount "105"]
[EventDate "1998.12.13"]
[EventType "swiss"]
[EventRounds "6"]
[EventCountry "ITA"]

1. d4 Nf6 2. h3 g6 3. Bf4 Bg7 4. e3 c5 5. c3 cxd4 6. exd4 Qb6 7. Qb3 Qa5 8. Bc4 e6 9. Nf3 O-O 10. O-O Qf5 11. Bd6 Re8 12. Qa3 Nc6 13. Re1 Nd5 14. Ne5 Nb6 15. Bd3 Qg5 16. Nf3 Qd8 17. Nbd2 f5 18. Ne5 Nxe5 19. Bxe5 Bxe5 20. Rxe5 Qc7 21. Rae1 Nd5 22. Rxd5 Qf4 23. Nf3 b6 24. Rde5 Bb7 25. R5e3 Qh6 26. Bb5 Qg7 27. Ne5 f4 28. Rd3 Qf6 29. Qd6 Qg5 30. Nf3 Qxb5 31. Ne5 Rad8 32. Rd2 Qd5 33. Qxd5 Bxd5 34. c4 Bb7 35. b4 d6 36. Ng4 Kg7 37. Rde2 Bc8 38. f3 Re7 39. Nf2 Rc7 40. Rc2 Re8 41. Ne4 Rd8 42. c5 d5 43. Nf2 bxc5 44. Rxc5 Rxc5 45. bxc5 Kf7 46. Nd3 g5 47. Ne5+ Kf6 48. Rb1 Ba6 49. c6 Rc8 50. Nd7+ Ke7 51. Nb8 Bd3 52. Rb7+ Kd6 53. Rd7# 1-0

[Event "1.Open A Città di Padova"]
[Site "Padova"]
[Date "1998.12.20"]
[Round "5.25"]
[White "Moschini, Costantino"]
[Black "Ballarin, Gabriele"]
[Result "0-1"]
[WhiteElo "1600"]
[BlackElo "1465"]
[Annotator "Gabriele Ballarin"]
[PlyCount "94"]
[EventDate "1998.12.13"]
[EventType "swiss"]
[EventRounds "6"]
[EventCountry "ITA"]
[SourceTitle "Ballarin Gabriele"]
[Source "Ballarin Gabrie"]
[SourceDate "2001.01.01"]
[SourceVersion "1"]
[SourceVersionDate "2001.01.01"]
[SourceQuality "1"]

1. d4 Nf6 2. Nf3 c5 3. c3 e6 4. Bg5 h6 5. Bh4 Be7 6. Nbd2 Nc6 7. e3 a6 8. Bd3 b5 9. O-O Bb7 10. e4 d5 11. dxc5 dxe4 12. Nxe4 Nxe4 13. Bxe4 Bxh4 14. Nxh4 Qxh4 15. Qd6 Qxe4 16. Rad1 Rd8 17. Qc7 Ba8 18. Rd6 O-O 19. Rfd1 Ne5 20. f3 Nxf3+ 21. gxf3 Qe3+ 22. Kf1 Qxf3+ 23. Ke1 Qe3+ 24. Kf1 Qf4+ 25. Ke1 Rxd6 26. Qxd6 Qxd6 27. Rxd6 Rc8 28. b4 Bd5 29. a3 Rc6 30. Rd8+ Kh7 31. Kf2 Kg6 32. Rd7 f5 33. Ke3 Kf6 34. Kf4 g5+ 35. Kg3 h5 36. h4 f4+ 37. Kf2 g4 38. Rh7 Kg6 39. Rh8 g3+ 40. Kg1 Bf3 41. Rg8+ Kf5 42. Rd8 e5 43. Rd3 Kg4 44. Rd7 Kxh4 45. Re7 e4 46. Rf7 Kg4 47. Rd7 e3 0-1

[Event "1.Open A Città di Padova"]
[Site "Padova"]
[Date "1998.12.20"]
[Round "5.26"]
[White "Frugoni, Giulio"]
[Black "Battiston, Alan Doris"]
[Result "0-1"]
[WhiteElo "1522"]
[BlackElo "1800"]
[Annotator "Gabriele Ballarin"]
[PlyCount "72"]
[EventDate "1998.12.13"]
[EventType "swiss"]
[EventRounds "6"]
[EventCountry "ITA"]

1. Nf3 d5 2. d4 Nf6 3. c4 e6 4. Nc3 c6 5. e3 Bd6 6. Qc2 O-O 7. Bd3 dxc4 8. Bxc4 b5 9. Bd3 Nbd7 10. O-O Bb7 11. Re1 a6 12. e4 e5 13. dxe5 Nxe5 14. Nxe5 Bxe5 15. h4 h6 16. Be3 Qc7 17. Rac1 c5 18. Nd5 Bxd5 19. exd5 c4 20. Qd2 Qb8 21. Bxh6 gxh6 22. Qxh6 Bh2+ 23. Kh1 Qf4 24. Bh7+ Nxh7 25. Qh5 Nf6 26. Qd1 Rad8 27. Re3 Rxd5 28. Qc2 Rfd8 29. g3 Qf5 30. Kxh2 Qxc2 31. Rxc2 Rd2 32. Rxd2 Rxd2 33. Rf3 Ne4 34. Kg2 Rxb2 35. Rf4 Nxf2 36. Rxf2 c3 0-1

[Event "1.Open A Città di Padova"]
[Site "Padova"]
[Date "1998.12.20"]
[Round "5.27"]
[White "Muradore, Aldo"]
[Black "Nagliati, Paolo"]
[Result "0-1"]
[WhiteElo "1455"]
[BlackElo "1591"]
[Annotator "Gabriele Ballarin"]
[PlyCount "60"]
[EventDate "1998.12.13"]
[EventType "swiss"]
[EventRounds "6"]
[EventCountry "ITA"]

1. d4 f5 2. Bf4 Nf6 3. e3 g6 4. c4 Bg7 5. Nc3 d6 6. Nf3 O-O 7. Rc1 b6 8. Bg5 Bb7 9. Bxf6 Bxf6 10. Be2 Nd7 11. h4 e6 12. Kf1 Bg7 13. Ng5 Qe7 14. f4 h6 15. Nf3 Nf6 16. Nh2 Ne4 17. Nxe4 fxe4 18. Qe1 e5 19. dxe5 dxe5 20. g3 exf4 21. gxf4 Bxb2 22. Rc2 Bg7 23. Rg1 Kh7 24. Bd1 g5 25. hxg5 hxg5 26. Rcg2 Bh6 27. Ke2 gxf4 28. Rg6 f3+ 29. Kf2 Qh4+ 30. R6g3 Qxh2+ 0-1

[Event "1.Open A Città di Padova"]
[Site "Padova"]
[Date "1998.12.20"]
[Round "5.28"]
[White "Alessi, Giovanni"]
[Black "Palmieri, Vincenzo"]
[Result "0-1"]
[WhiteElo "1400"]
[BlackElo "1600"]
[Annotator "Gabriele Ballarin"]
[PlyCount "60"]
[EventDate "1998.12.13"]
[EventType "swiss"]
[EventRounds "6"]
[EventCountry "ITA"]

1. e4 e5 2. Nf3 Nc6 3. Bc4 Bc5 4. O-O Nf6 5. d3 O-O 6. Bg5 d6 7. Nc3 h6 8. Bh4 g5 9. Bg3 Nh5 10. h3 Nxg3 11. Nh2 Nd4 12. Re1 Qf6 13. Nf3 Nxf3+ 14. Qxf3 Qxf3 15. gxf3 Bxh3 16. Kh2 Bxf2 17. Kxh3 Bxe1 18. Rxe1 Nh5 19. Kg4 Nf4 20. Nb5 a6 21. Nxc7 Rac8 22. Nd5 Nxd5 23. exd5 f5+ 24. Kh5 Kh7 25. Bb3 Rce8 26. Rg1 e4 27. dxe4 fxe4 28. fxe4 Rxe4 29. Rg4 Rff4 30. Rxf4 Rxf4 0-1

[Event "1.Open A Città di Padova"]
[Site "Padova"]
[Date "1998.12.20"]
[Round "6.1"]
[White "Viola, Matteo"]
[Black "Muha, Zdravko"]
[Result "0-1"]
[WhiteElo "1877"]
[BlackElo "1866"]
[Annotator "Gabriele Ballarin"]
[PlyCount "110"]
[EventDate "1998.12.13"]
[EventType "swiss"]
[EventRounds "6"]
[EventCountry "ITA"]

1. d4 d5 2. Nc3 c6 3. e4 dxe4 4. Nxe4 Bf5 5. Ng3 Bg6 6. h4 h6 7. Nh3 Nf6 8. Nf4 Bh7 9. Bc4 e6 10. c3 Nbd7 11. Qe2 Qe7 12. Nd3 Nd5 13. Rh3 N7f6 14. Ne5 Qc7 15. Bd3 Bxd3 16. Nxd3 Nd7 17. Bd2 N5f6 18. c4 O-O-O 19. Rc1 c5 20. dxc5 Nxc5 21. Nxc5 Bxc5 22. b4 Bd4 23. c5 Qe5 24. f4 Qxe2+ 25. Nxe2 Bf2+ 26. Kxf2 Rxd2 27. Ra3 Kb8 28. Rc4 Rhd8 29. b5 h5 30. Kf3 R2d3+ 31. Rxd3 Rxd3+ 32. Kf2 Ng4+ 33. Ke1 Ne3 34. Nc1 Rd5 35. Rc3 Nxg2+ 36. Kf2 Nxf4 37. Nb3 e5 38. Kf3 f5 39. a4 Rd3+ 40. Rxd3 Nxd3 41. Ke3 Nf4 42. Kf3 Ne6 43. Ke3 Kc7 44. Kd3 g5 45. hxg5 Nxg5 46. Nd2 Ne6 47. Kc4 Ng5 48. Kd5 e4 49. Nf1 f4 50. Kd4 h4 51. a5 a6 52. b6+ Kc6 53. Nd2 e3 54. Nc4 Ne6+ 55. Ke4 e2 0-1

[Event "1.Open A Città di Padova"]
[Site "Padova"]
[Date "1998.12.20"]
[Round "6.2"]
[White "Zotti, Enrico"]
[Black "Vianello, Enrico"]
[Result "0-1"]
[WhiteElo "1725"]
[BlackElo "1756"]
[Annotator "Vianello Enrico"]
[PlyCount "68"]
[EventDate "1998.12.13"]
[EventType "swiss"]
[EventRounds "6"]
[EventCountry "ITA"]

1. e4 c5 2. Nf3 Nc6 3. d4 cxd4 4. Nxd4 Nf6 5. Nc3 e5 6. Ndb5 d6 7. Bg5 a6 8. Na3 b5 9. Nd5 Be7 10. Bxf6 Bxf6 11. c3 Ne7 12. Nxe7 Bxe7 13. Bd3 (13. Nc2 Bb7 14. Bd3 (14. Qg4 g6 (14... O-O 15. Bd3 Qb6 16. O-O Bc8 17. Qh5 Be6 18. a3 g6 19. Qh6 d5 20. exd5 Bxd5 21. Qe3 Qxe3 22. Nxe3 Bc6 23. c4 Rfd8 24. cxb5 axb5 25. Bc2 Bc5 26. Rac1 Rac8 27. Bb3 Bd4 28. Rc2 Be4 29. Rd2) 15. Bd3 O-O 16. Ne3 Bg5 17. O-O Kh8 18. a4 bxa4 19. Rxa4 a5 20. Nc4 Bc6 21. Ra2 Bf4 22. g3 Bh6 23. Rd1 Bd7 24. Qe2 Be6 25. Bc2 Qc7 26. Ra4 Rfb8 27. b3 Bf8 28. Qd2 Rd8) 14... d5 15. Qg4 (15. exd5 Qxd5 16. Ne3 Qc6 17. Qh5 Bf6 18. a4 b4 19. O-O bxc3 20. bxc3 Qxc3 21. Bc2 Rd8 22. Rab1 Qc6 23. Rfc1 Rc8 24. Rd1 g6 25. Qh6 Rd8 26. Rxd8+ Bxd8 27. Bb3 Qf6 28. Bd5 Bc8 29. Re1 Bb6 30. Bf3 Be6 31. Rb1 Bd4 32. Rb8+ Kd7 33. Rxh8 Qxh8 34. h4 Qb8 35. Qxh7 Qb1+ 36. Kh2 Qe1 37. Qh6 Qxf2 38. Ng4 Qg1+ 39. Kg3 Bc3) 15... O-O 16. Rd1 d4 17. O-O dxc3 18. bxc3 Qc8 19. Ne3 Qxg4 20. Nxg4 Rac8 21. Nxe5 Rxc3 22. Bb1 Rd8 23. Rfe1 g6 24. Kf1 Bc8 25. Rxd8+ Bxd8 26. Nd3 Be6 27. Rc1 Rxc1+) 13... d5 14. exd5 Bxa3 15. bxa3 Qxd5 16. Qe2 Bb7 17. O-O-O Qc5 18. Kb2 O-O 19. Rhe1 Rfe8 20. f3 Rac8 21. Qc2 g6 22. Be4 $1 Re7 23. Re2 Bxe4 24. fxe4 a5 (24... Rec7 25. Rd3) 25. Rd5 Qb6 26. Qb3 Rc5 (26... Rb7) 27. Red2 Rec7 28. Rxc5 Rxc5 (28... Qxc5 29. Rd5 Qf2+ 30. Qc2) 29. Rd7 (29. a4 Qc6 30. Rd5) 29... Rc4 30. Qc2 (30. Qd1 Rxe4 31. Rxf7 Kxf7 32. Qd5+ Kf6 33. Qxe4 Qf2+ 34. Kb3) 30... b4 31. axb4 axb4 32. Ka1 (32. Rd1 bxc3+ 33. Ka1 Rxe4 34. Qxc3 Re2) 32... Rxc3 33. Qd1 Qe3 34. Qb1 (34. Kb2) 34... Rc1 (34... Rc1 35. Rd3 Qg1 36. Rd8+ Kg7 37. Kb2 Rxb1+ 38. Kc2 Qc1+ 39. Kd3 Qc3+ 40. Ke2 Re1+ 41. Kf2 Qe3#) 0-1

[Event "1.Open A Città di Padova"]
[Site "Padova"]
[Date "1998.12.20"]
[Round "6.3"]
[White "Navarro, Emanuele"]
[Black "Guclu, Yaman"]
[Result "1-0"]
[WhiteElo "1786"]
[BlackElo "1600"]
[Annotator "Gabriele Ballarin"]
[PlyCount "83"]
[EventDate "1998.12.13"]
[EventType "swiss"]
[EventRounds "6"]
[EventCountry "ITA"]

1. d4 Nf6 2. Nf3 c5 3. c3 b6 4. Bg5 d5 5. e3 e6 6. Bd3 Bb7 7. Ne5 Be7 8. Bxf6 gxf6 9. Bb5+ Kf8 10. Nf3 Rg8 11. Nbd2 Rxg2 12. Qe2 f5 13. Qf1 Rg7 14. Qh3 a6 15. Bd3 Nd7 16. O-O-O Nf6 17. Ne5 Ng4 18. Nxg4 fxg4 19. Qh5 f5 20. h3 gxh3 21. Rdg1 Qe8 22. Qh6 Qf7 23. Rxh3 Qf6 24. Rxg7 Qxg7 25. Qxe6 Qg1+ 26. Kc2 Qg6 27. Qxf5+ Qxf5 28. Bxf5 cxd4 29. exd4 Bc8 30. Bxc8 Rxc8 31. Rxh7 Rc6 32. Rh5 Rd6 33. Rf5+ Kg7 34. Nf1 Rf6 35. Ne3 Bd8 36. Rxf6 Kxf6 37. Nxd5+ Ke6 38. Ne3 Bh4 39. f3 Bg5 40. Kd3 Bf4 41. Ke4 Bg3 42. f4 1-0

[Event "1.Open A Città di Padova"]
[Site "Padova"]
[Date "1998.12.20"]
[Round "6.4"]
[White "Cecchetto, Vanni"]
[Black "Zanirato, Stefano"]
[Result "0-1"]
[WhiteElo "1831"]
[BlackElo "1740"]
[Annotator "Gabriele Ballarin"]
[PlyCount "50"]
[EventDate "1998.12.13"]
[EventType "swiss"]
[EventRounds "6"]
[EventCountry "ITA"]

1. d4 Nf6 2. c4 e6 3. Nf3 b6 4. Nc3 Bb7 5. Bg5 Be7 6. e3 O-O 7. Bxf6 Bxf6 8. Be2 d5 9. cxd5 exd5 10. O-O Nd7 11. Rc1 c6 12. Qd2 Re8 13. Rfd1 Nf8 14. g3 h6 15. Ne5 Bxe5 16. dxe5 Rxe5 17. e4 Re8 18. exd5 cxd5 19. Bf3 Qf6 20. Bxd5 Rad8 21. Qd4 Qxd4 22. Rxd4 Ne6 23. Rd2 Rd7 24. Rcd1 Red8 25. Kg2 Kf8 0-1

[Event "1.Open A Città di Padova"]
[Site "Padova"]
[Date "1998.12.20"]
[Round "6.5"]
[White "Guastadini, Paolo"]
[Black "Boscolo, Fabio"]
[Result "0-1"]
[WhiteElo "1603"]
[BlackElo "1714"]
[Annotator "Gabriele Ballarin"]
[PlyCount "100"]
[EventDate "1998.12.13"]
[EventType "swiss"]
[EventRounds "6"]
[EventCountry "ITA"]

1. Nf3 Nf6 2. g3 d5 3. Bg2 Bg4 4. d3 c6 5. Nbd2 Nbd7 6. b3 e6 7. Bb2 Bd6 8. O-O O-O 9. e4 Qc7 10. Qe1 dxe4 11. dxe4 e5 12. Nc4 Bxf3 13. Bxf3 Bc5 14. Qe2 b5 15. Ne3 Rfd8 16. a3 Nb6 17. Rfd1 Rxd1+ 18. Rxd1 a5 19. c3 a4 20. b4 Bxe3 21. Qxe3 Nc4 22. Qe2 Rd8 23. Bc1 Rxd1+ 24. Qxd1 Qd6 25. Qc2 Nd7 26. Be2 Ndb6 27. Qd3 Qxd3 28. Bxd3 Kf8 29. f4 g6 30. Kf2 h5 31. h4 f6 32. Kf3 Kf7 33. Bb1 Nd6 34. Be3 Ndc4 35. Ba2 Kg7 36. Bc1 Kf7 37. fxe5 fxe5 38. Ke2 Kg7 39. Kf3 Nd6 40. Ke2 Nxe4 41. Kd3 Nd6 42. Be3 Nbc4 43. Bc5 Kf6 44. Bxd6 Nxd6 45. Ke3 Nc4+ 46. Kf3 Nxa3 47. g4 Nc4 48. gxh5 gxh5 49. Ke4 Nd6+ 50. Kd3 Kf5 0-1

[Event "1.Open A Città di Padova"]
[Site "Padova"]
[Date "1998.12.20"]
[Round "6.6"]
[White "Marinucci, Tonino"]
[Black "Pagin, Giacomo"]
[Result "0-1"]
[WhiteElo "1597"]
[BlackElo "1699"]
[Annotator "Gabriele Ballarin"]
[PlyCount "61"]
[EventDate "1998.12.13"]
[EventType "swiss"]
[EventRounds "6"]
[EventCountry "ITA"]

1. d4 f5 2. c4 Nf6 3. Nf3 g6 4. Nc3 Bg7 5. e3 O-O 6. Bd3 d6 7. O-O Nbd7 8. Bc2 e6 9. Bb3 c6 10. Bd2 Ne4 11. Be1 Ndf6 12. Rc1 Qe8 13. Nd2 Nxc3 14. Rxc3 c5 15. Nf3 b6 16. Rc1 e5 17. Ba4 Bd7 18. Bxd7 Nxd7 19. Bc3 e4 20. Ne1 Rd8 21. Nc2 g5 22. Qe2 Qg6 23. Kh1 f4 24. f3 Rde8 25. fxe4 Qxe4 26. Qg4 fxe3 27. Nxe3 cxd4 28. Qxe4 Rxe4 29. Nd5 dxc3 30. Rxf8+ Nxf8 31. bxc3 0-1